[Event "18th SLO-ch"]
[Site "Ljubljana SLO"]
[Date "2008.08.17"]
[Round "1.1"]
[White "Lenic, Luka"]
[Black "Mohr, Georg"]
[Result "1/2-1/2"]
[WhiteElo "2584"]
[BlackElo "2494"]
[PlyCount "128"]
[EventDate "2008.08.17"]

1. c4 c5 2. Nf3 g6 3. d4 cxd4 4. Nxd4 Nc6 5. e4 Bg7 6. Be3 Nf6 7. Nc3 d6 8. Be2
O-O 9. O-O Bd7 10. f3 Nxd4 11. Bxd4 a5 12. a3 a4 13. c5 Qa5 14. cxd6 exd6 15.
Qd2 Rfc8 16. Qe3 Bc6 17. Rfd1 Qc7 18. Rac1 Qe7 19. Nb5 d5 20. Bc5 Qe6 21. Nd4
Qe8 22. Nxc6 bxc6 23. Bd4 dxe4 24. fxe4 Rc7 25. Bb5 Ng4 26. Qf4 Be5 27. Bxe5
Nxe5 28. Rd5 Qb8 29. Rxe5 Re7 30. Rcc5 cxb5 31. Rxb5 Qa7+ 32. Qf2 Rxe5 33. Qxa7
Rxa7 34. Rxe5 Rb7 35. Ra5 Rxb2 36. Rxa4 Kg7 37. h4 h5 38. Kh2 Rb3 39. e5 g5 40.
hxg5 Kg6 41. Ra5 h4 42. Kg1 Rb2 43. Ra7 Rb5 44. Re7 Rb1+ 45. Kh2 Rb3 46. e6
fxe6 47. Rxe6+ Kxg5 48. Ra6 Kf5 49. Ra8 Kg6 50. Kg1 Rb2 51. Rc8 Ra2 52. Rc3 Kg5
53. Kh2 Ra1 54. Rc5+ Kg4 55. Ra5 Kf4 56. Ra8 Kg5 57. Ra4 Kh5 58. Ra7 Kg5 59.
Ra8 Kh5 60. a4 Ra3 61. a5 Kg6 62. a6 Kg7 63. Kg1 Ra2 64. Kh2 Ra3 1/2-1/2

[Event "18th SLO-ch"]
[Site "Ljubljana SLO"]
[Date "2008.08.17"]
[Round "1.2"]
[White "Crepan, Marjan"]
[Black "Jeran, Bostjan"]
[Result "1/2-1/2"]
[WhiteElo "2363"]
[BlackElo "2193"]
[PlyCount "103"]
[EventDate "2008.08.17"]

1. e4 c5 2. Nf3 d6 3. d4 cxd4 4. Nxd4 Nf6 5. Nc3 a6 6. a4 e6 7. Be2 Be7 8. O-O
O-O 9. Be3 Nc6 10. f4 Qc7 11. Qe1 Re8 12. Kh1 Bd7 13. Qg3 Bf8 14. Rad1 Nb4 15.
Bg1 d5 16. e5 Ne4 17. Nxe4 dxe4 18. c3 Nc6 19. Rde1 Nxd4 20. Bxd4 Bxa4 21. f5
exf5 22. Rxf5 Bb3 23. Bd1 Bd5 24. Bc2 Qc6 25. Rf4 Re6 26. Bxe4 Bxe4 27. Rfxe4
Rae8 28. Rf4 R8e7 29. Qf2 Qe8 30. Rf1 g6 31. Qf3 Bg7 32. h3 Bxe5 33. Bxe5 Rxe5
34. Kh2 f5 35. Rd4 Re2 36. Qd3 Qb8+ 37. Kg1 Qe5 38. Qc4+ Qe6 39. Rd8+ Kf7 40.
Qh4 h5 41. Kh1 Re1 42. Rd1 Rxf1+ 43. Rxf1 Qe2 44. Rf2 Qd1+ 45. Kh2 Qd6+ 46. g3
Qd3 47. Qf4 Re2 48. Qc7+ Kf6 49. Qb6+ Kg5 50. h4+ Kh6 51. Qc5 Rxf2+ 52. Qxf2
1/2-1/2

[Event "18th SLO-ch"]
[Site "Ljubljana SLO"]
[Date "2008.08.17"]
[Round "1.3"]
[White "Barle, Janez"]
[Black "Sebenik, Matej"]
[Result "0-1"]
[WhiteElo "2414"]
[BlackElo "2485"]
[PlyCount "56"]
[EventDate "2008.08.17"]

1. d4 Nf6 2. c4 g6 3. Nc3 Bg7 4. Nf3 d6 5. e4 O-O 6. Be3 e5 7. dxe5 dxe5 8.
Qxd8 Rxd8 9. Nd5 Na6 10. O-O-O Bg4 11. h3 Bxf3 12. gxf3 Nd7 13. h4 c6 14. Nc3
h5 15. Bh3 Ndc5 16. Rxd8+ Rxd8 17. Rd1 Bf6 18. Rxd8+ Bxd8 19. Kd2 b6 20. b4
Nxb4 21. Bxc5 bxc5 22. Bc8 Bxh4 23. a3 Bg5+ 24. Kd1 Nd3 25. Na4 h4 26. Ke2 h3
27. Kf1 h2 28. Kg2 Bf4 0-1

[Event "18th SLO-ch"]
[Site "Ljubljana SLO"]
[Date "2008.08.17"]
[Round "1.4"]
[White "Zorko, Jure"]
[Black "Skoberne, Jure"]
[Result "0-1"]
[WhiteElo "2366"]
[BlackElo "2499"]
[PlyCount "57"]
[EventDate "2008.08.17"]

1. e4 c5 2. Nf3 Nc6 3. d4 cxd4 4. Nxd4 Nf6 5. Nc3 e5 6. Ndb5 d6 7. Nd5 Nxd5 8.
exd5 Ne7 9. c3 Nf5 10. a4 Be7 11. Bd3 Nh4 12. O-O Ng6 13. Be3 a6 14. Na3 O-O
15. Nc4 f5 16. Bb6 Qd7 17. Re1 Kh8 18. a5 Bg5 19. Bf1 Qe7 20. Qb3 e4 21. Qb4
Bf4 22. g3 Ne5 23. gxf4 Nf3+ 24. Kh1 Qh4 25. h3 Rf6 26. Be3 Rh6 27. Nxd6 Kg8
28. Bg2 Qg4 29. Bxf3 0-1

[Event "18th SLO-ch"]
[Site "Ljubljana SLO"]
[Date "2008.08.17"]
[Round "1.5"]
[White "Sakelsek, Tadej"]
[Black "Tratar, Marko"]
[Result "1/2-1/2"]
[WhiteElo "2390"]
[BlackElo "2486"]
[PlyCount "20"]
[EventDate "2008.08.17"]

1. e4 c5 2. Nf3 d6 3. Nc3 Nf6 4. e5 dxe5 5. Nxe5 e6 6. Bb5+ Bd7 7. Nxd7 Nbxd7
8. Qf3 a6 9. Bxd7+ Qxd7 10. d3 Nd5 1/2-1/2

[Event "18th SLO-ch"]
[Site "Ljubljana SLO"]
[Date "2008.08.18"]
[Round "2.2"]
[White "Skoberne, Jure"]
[Black "Sakelsek, Tadej"]
[Result "1/2-1/2"]
[WhiteElo "2499"]
[BlackElo "2390"]
[PlyCount "89"]
[EventDate "2008.08.18"]

1. c4 Nf6 2. d4 e6 3. Nf3 b6 4. Nc3 Bb4 5. Qb3 Qe7 6. Bg5 Bb7 7. e3 Bxc3+ 8.
Qxc3 Ne4 9. Bxe7 Nxc3 10. Ba3 Ne4 11. Ne5 d6 12. Nd3 Nc6 13. Rc1 a5 14. Be2
O-O-O 15. f3 Nf6 16. b4 axb4 17. Nxb4 e5 18. c5 bxc5 19. dxc5 d5 20. Bb5 Nxb4
21. Bxb4 c6 22. Be2 d4 23. Ba5 Rd7 24. e4 d3 25. Bd1 Nh5 26. Kd2 Nf4 27. Rc3
Nxg2 28. Rg1 Nf4 29. Rxg7 f6 30. Rg1 h5 31. Rb3 Rf8 32. Ra3 Nh3 33. Rg3 Nf4 34.
Bb6 Kb8 35. Ba7+ Kc7 36. Bb6+ Kb8 37. Ra7 Ne6 38. Rg6 Nf4 39. Rg1 Ne6 40. Rg3
f5 41. exf5 Ng7 42. Ra3 Nxf5 43. Rg5 Nd4 44. Rxh5 Nxf3+ 45. Bxf3 1/2-1/2

[Event "18th SLO-ch"]
[Site "Ljubljana SLO"]
[Date "2008.08.18"]
[Round "2.3"]
[White "Sebenik, Matej"]
[Black "Zorko, Jure"]
[Result "1-0"]
[WhiteElo "2485"]
[BlackElo "2366"]
[PlyCount "61"]
[EventDate "2008.08.18"]

1. Nf3 Nf6 2. c4 e6 3. g3 d5 4. Bg2 Be7 5. O-O O-O 6. b3 b6 7. Bb2 Bb7 8. e3
Nbd7 9. Nc3 c5 10. Qe2 Rc8 11. d3 Qc7 12. Ne1 Rfd8 13. f4 Qb8 14. e4 dxe4 15.
dxe4 Qa8 16. e5 Ne8 17. f5 Nf8 18. Qf2 Nc7 19. f6 gxf6 20. exf6 Bd6 21. Qe3 Ng6
22. Ne4 Qb8 23. Nd3 Ne8 24. h4 Bxe4 25. Bxe4 Bf8 26. Kg2 Nd6 27. h5 Nxe4 28.
Qxe4 Rxd3 29. Qxd3 Rd8 30. Qe3 Qb7+ 31. Kg1 1-0

[Event "18th SLO-ch"]
[Site "Ljubljana SLO"]
[Date "2008.08.18"]
[Round "2.4"]
[White "Jeran, Bostjan"]
[Black "Barle, Janez"]
[Result "1/2-1/2"]
[WhiteElo "2193"]
[BlackElo "2414"]
[PlyCount "114"]
[EventDate "2008.08.18"]

1. Nf3 c5 2. g3 Nc6 3. Bg2 g6 4. O-O Bg7 5. c4 e6 6. Nc3 Nge7 7. Rb1 d5 8. d3
O-O 9. Bd2 b6 10. a3 Bb7 11. Qa4 Rc8 12. Rfc1 a6 13. b4 dxc4 14. dxc4 cxb4 15.
axb4 Nd4 16. Qa2 Nxf3+ 17. exf3 Nf5 18. Ne4 Nd4 19. Bg5 f6 20. Be3 f5 21. Ng5
Qd7 22. Bxd4 Bxd4 23. f4 Bxg2 24. Kxg2 Qc6+ 25. Nf3 Ra8 26. c5 bxc5 27. Qc4
Rfb8 28. bxc5 Rxb1 29. Rxb1 Bxc5 30. Re1 Rc8 31. Ra1 Qd5 32. Qxa6 Rb8 33. Qa2
Rb3 34. Qa8+ Kg7 35. Qxd5 exd5 36. Rd1 Rb2 37. Rd2 Rxd2 38. Nxd2 Bb4 39. Nf3
Kf6 40. Kf1 Bc5 41. Ke2 Ba7 42. h4 Bb6 43. Ne5 Ke6 44. Nf3 Bd8 45. Kd3 Bb6 46.
Ke2 Bd8 47. Kd3 Kd6 48. Ne5 Bb6 49. Ke2 Ba7 50. Nf7+ Ke7 51. Ne5 Bb6 52. Nf3
Bc7 53. Kd3 h6 54. Ne5 g5 55. hxg5 hxg5 56. Nc6+ Kd7 57. Nd4 gxf4 1/2-1/2

[Event "18th SLO-ch"]
[Site "Ljubljana SLO"]
[Date "2008.08.18"]
[Round "2.5"]
[White "Lenic, Luka"]
[Black "Crepan, Marjan"]
[Result "1-0"]
[WhiteElo "2584"]
[BlackElo "2363"]
[PlyCount "106"]
[EventDate "2008.08.18"]

1. d4 d5 2. c4 c6 3. Nf3 Nf6 4. e3 Bf5 5. Nc3 e6 6. Nh4 Bg6 7. Nxg6 hxg6 8. a3
Qc7 9. g3 Nbd7 10. b3 Rd8 11. Bg2 Be7 12. O-O g5 13. Bb2 Kf8 14. Qe2 g4 15. f3
gxf3 16. Qxf3 Kg8 17. Rab1 Rf8 18. e4 dxe4 19. Nxe4 Nxe4 20. Qxe4 Nf6 21. Qf3
Rh6 22. b4 Rg6 23. Rbc1 Ng4 24. Bh3 f5 25. Bxg4 Rxg4 26. Rce1 Rf6 27. d5 Rfg6
28. Kg2 cxd5 29. cxd5 f4 30. Be5 Bd6 31. Bxd6 Qxd6 32. Rxe6 Rxe6 33. dxe6 Qxe6
34. Qxb7 fxg3 35. hxg3 a6 36. Qa8+ Kh7 37. Qf3 Re4 38. Qf5+ Kg8 39. Qxe6+ Rxe6
40. Rf5 g6 41. Rc5 Kf7 42. Kf3 Kf6 43. Kf4 Rd6 44. Ke4 Ke6 45. g4 Rb6 46. g5
Rd6 47. Re5+ Kf7 48. Rd5 Rc6 49. Rd7+ Ke8 50. Ra7 Re6+ 51. Kf4 Kd8 52. a4 Kc8
53. Rf7 Rd6 {necitljivo (61)} 1-0

[Event "18. drzavno sahovsko prvenstvo za clane "]
[Site "Ljubljana SLO"]
[Date "2008.08.19"]
[Round "3.1"]
[White "Crepan, Marjan"]
[Black "Mohr, Georg"]
[Result "0-1"]
[WhiteElo "2363"]
[BlackElo "2494"]
[PlyCount "56"]
[EventDate "2008.08.19"]

1. e4 Nc6 2. d4 e6 3. Nf3 d5 4. e5 f6 5. c3 Nh6 6. Bd3 Nf7 7. Nbd2 fxe5 8. dxe5
Ncxe5 9. Nxe5 Nxe5 10. Qh5+ Nf7 11. Bxh7 g6 12. Qxg6 Qe7 13. Nf3 Kd7 14. Bg8
Nd8 15. Ne5+ Kd6 16. Bf4 Kc5 17. Be3+ Kd6 18. Qg3 Rxg8 19. Qf4 Nc6 20. b4 Nxe5
21. Bc5+ Kd7 22. Qxe5 Qg7 23. Qxg7+ Bxg7 24. Rc1 Bh6 25. Rc2 Rxg2 26. h4 b6 27.
Bd4 Ba6 28. Kd1 Rag8 0-1

[Event "18. drzavno sahovsko prvenstvo za clane "]
[Site "Ljubljana SLO"]
[Date "2008.08.19"]
[Round "3.2"]
[White "Barle, Janez"]
[Black "Lenic, Luka"]
[Result "0-1"]
[WhiteElo "2414"]
[BlackElo "2584"]
[PlyCount "54"]
[EventDate "2008.08.19"]

1. e4 c5 2. f4 d5 3. exd5 Nf6 4. Bb5+ Bd7 5. Bxd7+ Qxd7 6. c4 e6 7. Qc2 Bd6 8.
dxe6 fxe6 9. d3 Nc6 10. Nf3 O-O 11. O-O Rae8 12. Nc3 e5 13. f5 Nd4 14. Qd1 h6
15. Ne4 Nxf5 16. Bd2 Nxe4 17. dxe4 Nd4 18. Be3 Qg4 19. Nd2 Rxf1+ 20. Kxf1 Rf8+
21. Kg1 Qg6 22. Rc1 Be7 23. Kh1 Bh4 24. g3 Bxg3 25. hxg3 Qxg3 26. Qe1 Qh3+ 27.
Kg1 Rf6 0-1

[Event "18. drzavno sahovsko prvenstvo za clane "]
[Site "Ljubljana SLO"]
[Date "2008.08.19"]
[Round "3.3"]
[White "Zorko, Jure"]
[Black "Jeran, Bostjan"]
[Result "1/2-1/2"]
[WhiteElo "2366"]
[BlackElo "2193"]
[PlyCount "53"]
[EventDate "2008.08.19"]

1. e4 c5 2. Nf3 d6 3. d4 cxd4 4. Nxd4 Nf6 5. Nc3 a6 6. Bc4 e6 7. Bb3 b5 8. O-O
Be7 9. Qf3 Qb6 10. Be3 Qb7 11. Qg3 b4 12. Na4 Nbd7 13. f3 O-O 14. Rac1 Rb8 15.
c4 bxc3 16. Rxc3 Ne5 17. Rfc1 Bd7 18. Nb6 Qxb6 19. Nxe6 Qxe3+ 20. Rxe3 Bxe6 21.
Bxe6 fxe6 22. Qh3 Kf7 23. b3 Bd8 24. Rec3 Bb6+ 25. Kf1 Ke7 26. Ke2 g5 27. Qg3
1/2-1/2

[Event "18. drzavno sahovsko prvenstvo za clane "]
[Site "Ljubljana SLO"]
[Date "2008.08.19"]
[Round "3.4"]
[White "Sakelsek, Tadej"]
[Black "Sebenik, Matej"]
[Result "1/2-1/2"]
[WhiteElo "2390"]
[BlackElo "2485"]
[PlyCount "26"]
[EventDate "2008.08.19"]

1. e4 e5 2. Nf3 Nc6 3. d4 exd4 4. Nxd4 Bc5 5. Be3 Qf6 6. c3 Nge7 7. g3 d5 8.
Bg2 Nxd4 9. cxd4 Bb4+ 10. Nc3 Bxc3+ 11. bxc3 dxe4 12. Bxe4 c6 13. O-O Bf5
1/2-1/2

[Event "18. drzavno sahovsko prvenstvo za clane "]
[Site "Ljubljana SLO"]
[Date "2008.08.19"]
[Round "3.5"]
[White "Tratar, Marko"]
[Black "Skoberne, Jure"]
[Result "1-0"]
[WhiteElo "2486"]
[BlackElo "2499"]
[PlyCount "89"]
[EventDate "2008.08.19"]

1. d4 d6 2. c4 e5 3. d5 Be7 4. Nc3 a5 5. e4 Bg5 6. Bxg5 Qxg5 7. Nb5 Qd8 8. c5
Nf6 9. cxd6 cxd6 10. f3 O-O 11. Qd2 Na6 12. Ne2 Ne8 13. Nec3 Nc5 14. Be2 Qb6
15. g4 Bd7 16. Na3 Na4 17. Nc4 Qc5 {(=)} 18. Nxa4 Bxa4 19. Qe3 Qxe3 20. Nxe3
Nf6 21. Kd2 Rfc8 22. Rhc1 Kf8 23. Nc4 Ra6 24. Na3 Raa8 25. Nc4 Ra6 26. Na3 Raa8
27. Rxc8+ Rxc8 28. b3 Bd7 29. Nc4 b5 30. Nxa5 Ke7 31. Rc1 Rxc1 32. Kxc1 Kd8 33.
Kd2 Kc7 34. Kc3 Ne8 35. Kb4 Kb6 36. a4 bxa4 37. bxa4 h6 38. Bb5 Nf6 39. Bxd7
Nxd7 40. Nc4+ Kc7 41. Kb5 g6 42. a5 f5 43. gxf5 gxf5 44. exf5 Nf6 45. Nb6 1-0

[Event "18. drzavno sahovsko prvenstvo za clane "]
[Site "Ljubljana SLO"]
[Date "2008.08.19"]
[Round "4.1"]
[White "Mohr, Georg"]
[Black "Skoberne, Jure"]
[Result "0-1"]
[WhiteElo "2494"]
[BlackElo "2499"]
[PlyCount "86"]
[EventDate "2008.08.19"]

1. e4 c5 2. Nf3 Nc6 3. d4 cxd4 4. Nxd4 Nf6 5. Nc3 e5 6. Ndb5 d6 7. Bg5 a6 8.
Na3 b5 9. Nd5 Be7 10. Bxf6 Bxf6 11. c4 b4 12. Nc2 a5 13. g3 Bg5 14. Bg2 Rb8 15.
b3 O-O 16. O-O Ne7 17. Nxe7+ Qxe7 18. Qd3 Rd8 19. a3 bxa3 20. Rxa3 Qc7 21. Qc3
Be6 22. h4 Be7 23. Raa1 Rb7 24. Ne3 Rdb8 25. Rfb1 Rb4 26. Qd3 Qb6 27. Nc2 Bxc4
28. Qd2 Rxb3 29. Rc1 Rxg3 30. Ne3 Rxe3 31. Qxe3 Qxe3 32. fxe3 Be6 33. Rxa5 Bxh4
34. Rca1 Bg5 35. R1a3 g6 36. Ra6 Rb1+ 37. Kh2 Kg7 38. Bh3 Bxh3 39. Kxh3 Re1 40.
Rd3 Bxe3 41. Raxd6 Bf4 42. Rd7 Re2 43. Kg4 Rf2 0-1

[Event "18. drzavno sahovsko prvenstvo za clane "]
[Site "Ljubljana SLO"]
[Date "2008.08.19"]
[Round "4.3"]
[White "Jeran, Bostjan"]
[Black "Sakelsek, Tadej"]
[Result "0-1"]
[WhiteElo "2193"]
[BlackElo "2390"]
[PlyCount "46"]
[EventDate "2008.08.19"]

1. e4 e5 2. Nf3 Nc6 3. Bb5 a6 4. Ba4 Nf6 5. d4 exd4 6. O-O b5 7. Bb3 d6 8. Bd5
Nxd5 9. exd5 Ne5 10. Qxd4 Nxf3+ 11. gxf3 Qf6 12. Re1+ Be7 13. Qxf6 gxf6 14. Bf4
Rg8+ 15. Kf1 Bf5 16. Na3 b4 17. Nc4 Bxc2 18. Re3 Kd7 19. Na5 Ba4 20. Ke2 f5 21.
Rc1 Bf6 22. Nc4 Bb5 23. a4 Bxb2 0-1

[Event "18. drzavno sahovsko prvenstvo za clane "]
[Site "Ljubljana SLO"]
[Date "2008.08.19"]
[Round "4.5"]
[White "Crepan, Marjan"]
[Black "Barle, Janez"]
[Result "0-1"]
[WhiteElo "2363"]
[BlackElo "2414"]
[PlyCount "72"]
[EventDate "2008.08.19"]

1. e4 c5 2. Nf3 a6 3. a4 Nc6 4. d4 cxd4 5. Nxd4 Nf6 6. Nc3 e5 7. Nb3 Bb4 8. Bc4
Nxe4 9. O-O Nxc3 10. bxc3 Be7 11. f4 O-O 12. Bd5 d6 13. Nd2 exf4 14. Nc4 Ne5
15. Bxf4 Nxc4 16. Bxc4 Be6 17. Bd3 Qb6+ 18. Kh1 Qc6 19. Be3 Rfe8 20. Bd4 Bf8
21. Rb1 g6 22. a5 Bg7 23. Rb6 Qd5 24. Qa1 Be5 25. Rfb1 Bh3 26. Rg1 Bd7 27. Rb4
Bc6 28. Bc4 Qe4 29. Qf1 d5 30. Bb3 Bxd4 31. Rxd4 Qe5 32. Qd1 Re7 33. h3 Rae8
34. Rf1 Qc7 35. Qa1 Re2 36. Rg1 R8e3 0-1

[Event "18. drzavno sahovsko prvenstvo za clane "]
[Site "Ljubljana SLO"]
[Date "2008.08.20"]
[Round "5.2"]
[White "Zorko, Jure"]
[Black "Crepan, Marjan"]
[Result "1/2-1/2"]
[WhiteElo "2366"]
[BlackElo "2363"]
[PlyCount "62"]
[EventDate "2008.08.20"]

1. c4 Nf6 2. Nc3 c6 3. e4 d5 4. exd5 cxd5 5. d4 Nc6 6. Nf3 a6 7. Bg5 dxc4 8.
Bxc4 e6 9. O-O Be7 10. Rc1 O-O 11. Bd3 Qa5 12. Be3 Rd8 13. Qe2 Bd7 14. Rfe1 Be8
15. Bb1 Rac8 16. a3 Qh5 17. Ba2 Bd6 18. h3 Bb8 19. Rcd1 Ne7 20. Bg5 Bc6 21.
Bxf6 Bxf3 22. Qxf3 Qxf3 23. gxf3 gxf6 24. d5 Nxd5 25. Nxd5 exd5 26. Rxd5 Be5
27. f4 Rxd5 28. Bxd5 Bxb2 29. Bxb7 Rc1 30. Rxc1 Bxc1 31. Bxa6 Bxa3 1/2-1/2

[Event "18. drzavno sahovsko prvenstvo za clane "]
[Site "Ljubljana SLO"]
[Date "2008.08.20"]
[Round "5.4"]
[White "Tratar, Marko"]
[Black "Jeran, Bostjan"]
[Result "1-0"]
[WhiteElo "2486"]
[BlackElo "2193"]
[PlyCount "51"]
[EventDate "2008.08.20"]

1. d4 d5 2. c4 c6 3. e3 Nf6 4. Nc3 a6 5. c5 b5 6. Nf3 Bg4 7. Qb3 Nbd7 8. a4 Ne4
9. Nxe4 Bxf3 10. gxf3 dxe4 11. fxe4 e5 12. axb5 axb5 13. Rxa8 Qxa8 14. Bh3 Qa5+
15. Qc3 b4 16. Qc4 Nf6 17. dxe5 Nd7 18. e6 Nxc5 19. exf7+ Kd8 20. O-O Kc7 21.
Bd2 Nd7 22. Qe6 Qg5+ 23. Kh1 Nb6 24. Rc1 Bd6 25. Bxb4 c5 26. e5 1-0

[Event "18. drzavno sahovsko prvenstvo za clane "]
[Site "Ljubljana SLO"]
[Date "2008.08.20"]
[Round "5.5"]
[White "Skoberne, Jure"]
[Black "Sebenik, Matej"]
[Result "1-0"]
[WhiteElo "2499"]
[BlackElo "2485"]
[PlyCount "99"]
[EventDate "2008.08.20"]

1. c4 Nf6 2. g3 c6 3. Nf3 g6 4. Bg2 Bg7 5. O-O O-O 6. Nc3 d5 7. cxd5 cxd5 8. d4
e6 9. Ne5 Nfd7 10. f4 Nc6 11. Be3 Nb6 12. b3 Bd7 13. Bf2 Ne7 14. Qd2 Bc6 15.
Rfd1 Rc8 16. Rac1 Nd7 17. g4 f6 18. Nf3 Kh8 19. e3 Rc7 20. Qb2 Qb8 21. Qa3 Re8
22. Bg3 Bf8 23. Qb2 f5 24. h3 Nc8 25. Bh4 Nd6 26. Ne5 Nxe5 27. Bf6+ Kg8 28.
Bxe5 Qd8 29. gxf5 gxf5 30. Kh2 Bg7 31. Rg1 Kh8 32. Qf2 Rg8 33. Bf3 Bxe5 34.
fxe5 Rxg1 35. Rxg1 Ne8 36. Ne2 Rg7 37. Nf4 Qe7 38. Rc1 Rg5 39. Qh4 Kg8 40. Rg1
h6 41. Qxh6 Rxg1 42. Kxg1 Ng7 43. Qf6 Qxf6 44. exf6 Ne8 45. Nxe6 Nxf6 46. Kf2
a5 47. Kg3 Kf7 48. Nd8+ Kg6 49. Kf4 Nd7 50. Be2 1-0

[Event "18. drzavno sahovsko prvenstvo za clane "]
[Site "Ljubljana SLO"]
[Date "2008.08.21"]
[Round "6.1"]
[White "Mohr, Georg"]
[Black "Sebenik, Matej"]
[Result "1/2-1/2"]
[WhiteElo "2494"]
[BlackElo "2485"]
[PlyCount "99"]
[EventDate "2008.08.21"]

1. d4 d6 2. e4 g6 3. Nc3 Bg7 4. g3 Nd7 5. Bg2 c5 6. Nge2 Ngf6 7. O-O O-O 8. h3
Rb8 9. dxc5 Nxc5 10. Nd4 a6 11. Re1 e5 12. Nb3 Ne6 13. a4 b6 14. Be3 h5 15. Qd2
h4 16. Rad1 hxg3 17. fxg3 Ne8 18. Nd5 Bd7 19. Qf2 Bxa4 20. Bxb6 Qd7 21. Na5 Rc8
22. b3 Bc6 23. Rd3 Bxd5 24. Rxd5 N8c7 25. Rd3 Nb5 26. Nc4 Ned4 27. Bxd4 exd4
28. Nb6 Qc7 29. Nxc8 Rxc8 30. Ra1 Qxc2 31. Qxc2 Rxc2 32. Rxa6 Be5 33. Bf1 Nc3
34. Rf3 Rc1 35. Ra8+ Kg7 36. Ra7 Bf6 37. Kg2 Rc2+ 38. Kg1 Rc1 39. h4 Nxe4 40.
Kg2 Rc2+ 41. Kg1 d3 42. Rxd3 Nxg3 43. Rxf7+ Kxf7 44. Rxg3 Rd2 45. Bd3 Bxh4 46.
Bxg6+ Kf6 47. Rg4 Bg5 48. Bh7 d5 49. Kf1 Rh2 50. Bg8 1/2-1/2

[Event "18. drzavno sahovsko prvenstvo za clane "]
[Site "Ljubljana SLO"]
[Date "2008.08.21"]
[Round "6.2"]
[White "Jeran, Bostjan"]
[Black "Skoberne, Jure"]
[Result "1/2-1/2"]
[WhiteElo "2193"]
[BlackElo "2499"]
[PlyCount "135"]
[EventDate "2008.08.21"]

1. e4 d6 2. d4 g6 3. Nc3 Bg7 4. Be3 a6 5. a4 b6 6. g3 Bb7 7. Bg2 Nd7 8. Nge2 e6
9. Qd2 Ne7 10. Bh6 Bxh6 11. Qxh6 Nc6 12. d5 Nce5 13. O-O Qf6 14. h3 g5 15. Qxf6
Nxf6 16. b3 Rg8 17. Nd4 Ke7 18. Kh2 Rab8 19. Rae1 Nh5 20. Nce2 Rg7 21. Nf3
Nxf3+ 22. Bxf3 Nf6 23. Nd4 Nd7 24. Bh1 g4 25. hxg4 Rxg4 26. f4 Rbg8 27. Rg1
R4g6 28. Bf3 Nf6 29. c4 Ng4+ 30. Kg2 Bc8 31. Bxg4 Rxg4 32. Kf2 Bd7 33. Ne2 e5
34. Kf3 f5 35. exf5 Kf6 36. fxe5+ dxe5 37. Nc3 Bxf5 38. Ne4+ Bxe4+ 39. Rxe4
Rxe4 40. Kxe4 Rg4+ 41. Kf3 h5 42. a5 e4+ 43. Kf2 Ke5 44. axb6 cxb6 45. Rh1 Rg5
46. Rd1 Kd6 47. Rh1 Kc5 48. Rd1 Kd6 49. Rh1 a5 50. Rd1 Rf5+ 51. Ke3 Rf3+ 52.
Kxe4 Rxb3 53. Rh1 Kc5 54. Rxh5 Kxc4 55. Rh6 a4 56. d6 Rd3 57. d7 Rxd7 58. Rxb6
a3 59. Ra6 Rd4+ 60. Ke5 Rd5+ 61. Ke4 Rd4+ 62. Ke5 Rd3 63. g4 Kb3 64. g5 Re3+
65. Kf5 a2 66. g6 Kb2 67. Rxa2+ Kxa2 68. g7 1/2-1/2

[Event "18. drzavno sahovsko prvenstvo za clane "]
[Site "Ljubljana SLO"]
[Date "2008.08.21"]
[Round "6.3"]
[White "Lenic, Luka"]
[Black "Tratar, Marko"]
[Result "1-0"]
[WhiteElo "2584"]
[BlackElo "2486"]
[PlyCount "67"]
[EventDate "2008.08.21"]

1. d4 d5 2. c4 c6 3. Nf3 Nf6 4. Nc3 g6 5. g3 Bg7 6. Qb3 O-O 7. Bg2 Qb6 8. O-O
Bf5 9. Ne5 Be6 10. Qd1 dxc4 11. Na4 Qc7 12. Nc5 Qc8 13. Nxe6 Qxe6 14. Qc2 Nfd7
15. Nxc4 Bxd4 16. Rd1 Bg7 17. Na5 Qe5 18. Nxb7 Qb5 19. Qb3 Qxe2 20. Rb1 Nb6 21.
Bg5 Qa6 22. Nc5 Qc4 23. Qxc4 Nxc4 24. Rdc1 f6 25. Bf4 e5 26. Rxc4 exf4 27. Ne6
Rf7 28. Rd1 Na6 29. Rxc6 Nb4 30. Rcd6 Rc8 31. a3 Nc2 32. Rd8+ Rxd8 33. Rxd8+
Bf8 34. Bd5 1-0

[Event "18. drzavno sahovsko prvenstvo za clane "]
[Site "Ljubljana SLO"]
[Date "2008.08.21"]
[Round "6.4"]
[White "Crepan, Marjan"]
[Black "Sakelsek, Tadej"]
[Result "1/2-1/2"]
[WhiteElo "2363"]
[BlackElo "2390"]
[PlyCount "28"]
[EventDate "2008.08.21"]

1. e4 c5 2. Nf3 Nc6 3. d4 cxd4 4. Nxd4 Nf6 5. Nc3 e5 6. Nf5 d5 7. exd5 Bxf5 8.
dxc6 Qxd1+ 9. Nxd1 bxc6 10. Ne3 Be6 11. Nc4 Nd7 12. Be3 Bxc4 13. Bxc4 Nb6 14.
Bxb6 axb6 1/2-1/2

[Event "18. drzavno sahovsko prvenstvo za clane "]
[Site "Ljubljana SLO"]
[Date "2008.08.21"]
[Round "6.5"]
[White "Barle, Janez"]
[Black "Zorko, Jure"]
[Result "1-0"]
[WhiteElo "2414"]
[BlackElo "2366"]
[PlyCount "113"]
[EventDate "2008.08.21"]

1. e4 c6 2. d4 d5 3. exd5 cxd5 4. c4 Nf6 5. Nc3 Nc6 6. Bg5 Be6 7. Qd2 g6 8.
Bxf6 exf6 9. Be2 Bb4 10. Bf3 O-O 11. Nge2 Na5 12. cxd5 Bf5 13. O-O Nc4 14. Qc1
Rc8 15. b3 Nd6 16. Qb2 Qa5 17. Rac1 Ba3 18. Qd2 Nb5 19. g4 Bd7 20. Qd3 Bxc1 21.
Rxc1 Nxc3 22. Nxc3 f5 23. g5 Rfe8 24. Qd2 Qb4 25. d6 Qxd6 26. Nd5 Rxc1+ 27.
Qxc1 Kg7 28. Nf6 Re7 29. d5 Bb5 30. Kg2 Rc7 31. Qb2 Kf8 32. Nxh7+ Kg8 33. Nf6+
Kf8 34. a4 Bd3 35. Qd4 Rc1 36. Qxd3 Qf4 37. Qe3 Qxe3 38. fxe3 Rc3 39. d6 Rxb3
40. d7 Ke7 41. Bd5 Rb2+ 42. Kg3 b5 43. axb5 Rxb5 44. Bxf7 a5 45. Bxg6 a4 46.
Bf7 a3 47. g6 Rb8 48. g7 Kxf7 49. g8=Q+ Rxg8+ 50. Nxg8 a2 51. d8=Q a1=Q 52.
Qf6+ Qxf6 53. Nxf6 Kxf6 54. Kf4 Ke6 55. h4 Kf6 56. h5 Ke6 57. Kg5 1-0

[Event "18. drzavno sahovsko prvenstvo za clane "]
[Site "Ljubljana SLO"]
[Date "2008.08.22"]
[Round "7.1"]
[White "Zorko, Jure"]
[Black "Mohr, Georg"]
[Result "1/2-1/2"]
[WhiteElo "2366"]
[BlackElo "2494"]
[PlyCount "20"]
[EventDate "2008.08.22"]

1. e4 c5 2. Nf3 Nc6 3. d4 cxd4 4. Nxd4 g6 5. c4 Bg7 6. Be3 Nf6 7. Nc3 Ng4 8.
Qxg4 Nxd4 9. Qd1 Ne6 10. Rc1 Qa5 1/2-1/2

[Event "18. drzavno sahovsko prvenstvo za clane "]
[Site "Ljubljana SLO"]
[Date "2008.08.22"]
[Round "7.4"]
[White "Skoberne, Jure"]
[Black "Lenic, Luka"]
[Result "1/2-1/2"]
[WhiteElo "2499"]
[BlackElo "2584"]
[PlyCount "36"]
[EventDate "2008.08.22"]

1. d4 Nf6 2. c4 e6 3. Nc3 Bb4 4. Qc2 O-O 5. a3 Bxc3+ 6. Qxc3 b6 7. Bg5 Ba6 8.
Qf3 Nc6 9. e3 Na5 10. Rc1 c5 11. e4 h6 12. Bh4 g5 13. Bg3 Bb7 14. b4 Bxe4 15.
Qd1 Nc6 16. dxc5 e5 17. h4 g4 18. f3 Bg6 1/2-1/2

[Event "18. drzavno sahovsko prvenstvo za clane "]
[Site "Ljubljana SLO"]
[Date "2008.08.23"]
[Round "8.1"]
[White "Mohr, Georg"]
[Black "Jeran, Bostjan"]
[Result "1-0"]
[WhiteElo "2494"]
[BlackElo "2193"]
[PlyCount "83"]
[EventDate "2008.08.23"]

1. g3 Nf6 2. Bg2 e5 3. c4 d5 4. cxd5 Nxd5 5. Nc3 Nb6 6. Nf3 Nc6 7. O-O Be7 8.
d3 O-O 9. Be3 Re8 10. a4 a6 11. a5 Nd7 12. Nd2 Nd4 13. Nc4 Nf5 14. Bd2 Bf8 15.
Rc1 Nc5 16. b4 Ne6 17. Nd5 Ned4 18. Bc3 f6 19. Nde3 Rb8 20. Kh1 Nxe3 21. Nxe3
Be6 22. Rb1 Qd7 23. Qd2 Nb5 24. Ba1 c5 25. bxc5 Bxc5 26. Rfc1 Rec8 27. Kg1 Na3
28. Rb2 Bd4 29. Rxc8+ Qxc8 30. Ra2 Qc5 31. Bxd4 exd4 32. Nc4 Nxc4 33. dxc4 Qxc4
34. Rc2 Qb3 35. h4 b5 36. Rc6 Bd5 37. Qc2 Ra8 38. Rc8+ Rxc8 39. Qxc8+ Kf7 40.
Qd7+ Kg6 41. Qxd5 Qc3 42. Bf3 1-0

[Event "18. drzavno sahovsko prvenstvo za clane "]
[Site "Ljubljana SLO"]
[Date "2008.08.23"]
[Round "8.2"]
[White "Lenic, Luka"]
[Black "Sebenik, Matej"]
[Result "1/2-1/2"]
[WhiteElo "2584"]
[BlackElo "2485"]
[PlyCount "46"]
[EventDate "2008.08.23"]

1. d4 Nf6 2. c4 g6 3. Nc3 Bg7 4. e4 d6 5. Be2 O-O 6. Nf3 c5 7. O-O cxd4 8. Nxd4
Nc6 9. Nc2 Nd7 10. Bd2 a5 11. Rb1 Nc5 12. f3 f5 13. Be3 fxe4 14. Nxe4 Nxe4 15.
fxe4 Rxf1+ 16. Bxf1 Be6 17. Nd4 Nxd4 18. Bxd4 Bxd4+ 19. Qxd4 Qc7 20. Bd3 Qc5
21. Qxc5 dxc5 22. Kf2 Kg7 23. e5 b6 1/2-1/2